000 00899nam a2200229Ia 4500
003 Ost
005 20260507075105.0
008 260507s9999||||xx |||||||||||||| ||und||
020 _a5049609961
040 _cfsecg
041 _aara
082 _a330
100 _aلطرش، الطاهر
_eمؤلف
245 0 _aتقنيات البنوك /
_c الطاهر لطرش
250 _aطبعة 6
260 _aالجزائر:
_bديوان المطبوعات الجامعية,
_c2000
300 _a250 صفحة؛
_bإيضاحات ؛
_c23 سم
520 _aالوساطة المالية وأدواتها- عمليات القرض الداخلية- عمليات الصرف وتمويل التجارة الخارجية- دراسة طلب القرض- نظرية عامة حول النظام البنكي الجزائري.
653 _aالبنوك
653 _aالمصارف
942 _cكتاب
999 _c42821
_d42821